| 000 | 00000nam##2200000za#4500 |
| 001 | 9.565104 |
| 003 | CaOODSP |
| 005 | 20210624175641 |
| 007 | cr ||||||||||| |
| 008 | 150406|2008||||xxc|||||o f|0| 0 eng|d |
| 020 | |a978-1-100-11163-6 |
| 022 | |a1496-4562 |
| 040 | |aCaOODSP|beng |
| 043 | |an-cn--- |
| 086 | 1 |aCS85-0033/19-2008E-PDF |
| 245 | 00|aSexual assault in Canada 2004 and 2007 / |h[electronic resource]|cby Shannon Brennan and Andrea Taylor-Butts. |
| 260 | |aOttawa - Ontario : |bStatistics Canada |cDecember 2008. |
| 300 | |a20p.|bgraphs, tables, index |
| 490 | 1 |aCanadian Centre for Justice Statistics profile series|x1496-4562|vNo. 19 |
| 504 | |aBibliography. |
| 590 | |a08-50|b2008-12-12 |
| 590 | |a13-08-Supp|b2013-04-02 |
| 690 | 07|aSexual offenses|2gcpds |
| 710 | 2 |aStatistics Canada. |
| 775 | 08|tLes agressions sexuelles au Canada, 2004 et 2007 / |w(CaOODSP)9.596746 |
| 830 | #0|aCanadian Centre for Justice Statistics profile series,|x1496-4562|vNo. 19|w(CaOODSP)9.504431 |
| 856 | 40|ahttp://publications.gc.ca|qPDF|s511 KB|uhttps://publications.gc.ca/collections/collection_2008/statcan/85F0033M/85f0033m2008019-eng.pdf|yNo. 19 |